| 000 -LEADER |
| fixed length control field |
00414nam a2200121Ia 4500 |
| 008 - FIXED-LENGTH DATA ELEMENTS--GENERAL INFORMATION |
| fixed length control field |
190722s9999 xx 000 0 und d |
| 020 ## - INTERNATIONAL STANDARD BOOK NUMBER |
| International Standard Book Number |
969-448-081-7 |
| 100 ## - MAIN ENTRY--PERSONAL NAME |
| Personal name |
Muhammad Akram Khan |
| 245 #0 - TITLE STATEMENT |
| Title |
Economic Teachings of Prophet Muhammad (May Peace Be Upon Him) A Select Anthology of Hadith Literature on Economics |
| 260 ## - PUBLICATION, DISTRIBUTION, ETC. (IMPRINT) |
| Place of publication, distribution, etc |
Islamabad, Pakistan |
| Name of publisher, distributor, etc |
Institute Of Policy Studies, |
| Date of publication, distribution, etc |
2005 |
| 300 ## - PHYSICAL DESCRIPTION |
| Extent |
439 |
| 942 ## - ADDED ENTRY ELEMENTS (KOHA) |
| Koha item type |
Books |